000 00478nam a22001697a 4500
005 20251108170725.0
008 250721s1945 xx 000 0 eng d
082 1 4 _aR/913.62/R
100 1 _aRowe, Alan
245 1 0 _aDiscovery of the Famous Temple & Enclosure of Serapis at Alexandria /
264 1 _aCairo :
_bFrench Institute of Oriental Archeology,
_c1945.
300 _a115p : plates
650 1 7 _aEgypt
650 1 7 _aAntiquities
942 _2ddc
_cBK
999 _c47497
_d47497